La Seconde Guerre mondiale au cinéma - Statistiques

Statistiques générales
  • Ce quiz a été pris 10 505 fois
    9 955 depuis la dernière actualisation
  • Le résultat moyen est 8 sur 16
Statistiques - réponses
Par images Réponse % Correct
Il faut sauver le soldat Ryan
77%
Le Dictateur
77%
La Grande Vadrouille
75%
La Liste de Schindler
73%
Dunkerque
68%
La vie est belle
62%
Le Pianiste
61%
Le Tombeau des Lucioles
52%
Pearl Harbor
49%
Imitation Game
40%
La Chute
40%
Papy fait de la résistance
40%
Le Pont de la Rivière Kwaï
38%
La Traversée de Paris
29%
L'Armée des Ombres
16%
Casablanca
14%
Aucun quiz correspondant
Distribution des résultats
% des personnes avec chaque résultat
Percentile par nombre de réponses
Votre historique - résultats
Vous n’avez pas pris ce quiz depuis la dernière actualisation